Tampa Int'l Airport Destinations (TPA) - Statistics

General Stats
  • This quiz has been taken 332 times
    29 since last reset
  • The average score is 66 of 102
Answer Stats
Hint Airlines Answer % Correct
United Kingdom British Airways London (Gatwick) (ENG)
95%
United Kingdom Virgin Atlantic London (Heathrow) (ENG)
95%
United States American Miami (FL)
90%
United States United, Frontier Washington (Dulles) (D.C./VA)
90%
United States American, Southwest Washington (National) (D.C./VA)
90%
United States Delta, Southwest Austin (TX)
85%
United States American, Frontier Charlotte (NC)
85%
United States Southwest Chicago (Midway) (IL)
85%
United States American, United, Spirit, Frontier Chicago (O'Hare) (IL)
85%
United States American, Frontier Dallas/Fort Worth (TX)
85%
United States Southwest Dallas (Love) (TX)
85%
United States United, Southwest, Frontier Denver (CO)
85%
United States Delta, Southwest, Spirit, Frontier Detroit (MI)
85%
United States United, Frontier Houston (Bush) (TX)
85%
United States Southwest Houston (Hobby) (TX)
85%
United States Delta, United, Southwest Los Angeles (CA)
85%
Mexico Aeromexico Mexico City (D.F.)
85%
United States Delta, JetBlue, Frontier New York City (JFK) (NY)
85%
United States American, Delta, JetBlue New York City (LaGuardia) (NY)
85%
United States Frontier, Breeze Airways Portland (ME)
85%
United States Alaska Portland (OR)
85%
United States United, Alaska San Francisco (CA)
85%
Canada Air Canada, WestJet, Porter Toronto (Pearson) (ON)
85%
United States Delta, Southwest, Frontier Atlanta (GA)
80%
United States Delta, JetBlue, Frontier Boston (MA)
80%
United States Breeze Airways Charleston (SC)
80%
United States Breeze Airways Charleston (WV)
80%
United States United, Southwest, Frontier Cleveland (OH)
80%
Cuba Southwest Havana
80%
United States American, Southwest Nashville (TN)
80%
United States American, Southwest, Frontier Phoenix (AZ)
80%
United States Delta, Southwest, Frontier, Breeze Airways Raleigh/Durham (NC)
80%
Canada WestJet Vancouver (BC)
80%
Netherlands Delta Amsterdam
75%
Colombia Avianca Bogota
75%
United States Southwest, Frontier Buffalo (NY)
75%
Canada WestJet Calgary (AB)
75%
Germany Discover Frankfurt
75%
United States Southwest Indianapolis (IN)
75%
United States Southwest, Frontier Kansas City (MO)
75%
United States Southwest, Breeze Airways Memphis (TN)
75%
Canada Air Canada Montreal (Trudeau) (QC)
75%
United States United, JetBlue Newark (NJ)
75%
United States Southwest, Alaska San Diego (CA)
75%
United States Delta, Alaska Seattle/Tacoma (WA)
75%
United States Southwest Albany (NY)
70%
United States Southwest, Frontier Baltimore (MD)
70%
Mexico JetBlue, Frontier Cancun (QR)
70%
United States Southwest Columbus (OH)
70%
United States Southwest, Breeze Airways Louisville (KY)
70%
United States Southwest, Frontier Milwaukee (WI)
70%
United States Delta, Southwest, Sun Country Minneapolis/St. Paul (MN)
70%
Canada Air Canada, Porter Ottawa (ON)
70%
Panama Copa Panama City (Tocumen)
70%
United States American, Southwest, Frontier Philadelphia (PA)
70%
United States Delta, Southwest Salt Lake City (UT)
70%
United States Southwest San Antonio (TX)
70%
Dominican Republic Frontier Santo Domingo
70%
United States Southwest, Spirit, JetBlue Fort Lauderdale (FL)
65%
United States Southwest Las Vegas (NV)
65%
United States Southwest, Spirit, Breeze Airways New Orleans (LA)
65%
United States Southwest, Breeze Airways Pittsburgh (PA)
65%
United States Southwest, JetBlue, Breeze Airways Providence (RI)
65%
United States Southwest, Frontier St. Louis (MO)
65%
Switzerland Edelweiss Air Zurich
65%
United States Southwest Birmingham (AL)
60%
United States Delta, Southwest, Frontier Cincinnati (OH/KY)
60%
Canada Air Canada, Porter Halifax (NS)
60%
United States Southwest, JetBlue, Frontier, Breeze Hartford (CT)
60%
United States (Territory) Southwest, JetBlue, Frontier San Juan (P.R.)
60%
United States Breeze Airways Key West (FL)
55%
Dominican Republic JetBlue, Frontier Punta Cana
55%
United States Breeze Airways Richmond (VA)
55%
United States Southwest Knoxville (TN)
50%
United States Frontier, Breeze Airways Norfolk (VA)
50%
United States Southwest Omaha (NE)
50%
United States Southwest, Breeze Airways Rochester (NY)
50%
United States Breeze Airways Syracuse (NY)
50%
United States Avelo Wilmington (DE)
50%
United States Breeze Airways, Avelo Wilmington (NC)
50%
United States Breeze Airways Akron/Canton (OH)
45%
United States Avelo New Haven (CT)
45%
United States Spirit Atlantic City (NJ)
40%
United Kingdom (Territory) Cayman Airways George Town/Grand Cayman (Cayman Islands)
40%
United States Southwest, Frontier Grand Rapids (MI)
40%
United States Breeze Airways Greenville/Spartanburg (SC)
40%
United States Breeze Airways Huntsville (AL)
40%
United States Southwest Manchester (NH)
40%
United States Frontier Trenton (NJ)
40%
United States Breeze Airways Madison (WI)
35%
United States Breeze Airways Wilkes-Barre/Scranton (PA)
35%
United States Frontier, Breeze Airways Burlington (VT)
30%
United States Breeze Airways Erie (PA)
30%
United States Breeze Airways Pensacola (FL)
30%
United States Breeze Airways Bangor (ME)
25%
United States Southwest, JetBlue, Frontier Islip (NY)
25%
United States Breeze Airways Myrtle Beach (SC)
25%
United States Breeze Airways Orange County (CA)
25%
Canada WestJet St. John's (NL)
25%
United States Breeze Airways Fayetteville/Bentonville (AR)
20%
United States JetBlue White Plains (NY)
20%
United States Breeze Airways Gulfport/Biloxi (MS)
15%
No matching quizzes found
Score Distribution
Percent of People with Each Score
Percentile by Number Answered
Your Score History
You have not taken this quiz since the last reset